The NEC3 Engineering and Construction Contract (Record no. 105795)

MARC details
000 -LEADER
fixed length control field 01496cam a2200301 4500
001 - CONTROL NUMBER
control field ##L134754
008 - FIXED-LENGTH DATA ELEMENTS--GENERAL INFORMATION
fixed length control field 060830n2006 000 0 eng u
020 ## - INTERNATIONAL STANDARD BOOK NUMBER
International Standard Book Number 0632053860
-- 9781405172820
035 ## - SYSTEM CONTROL NUMBER
System control number (Sirsi) u134754
041 0# - LANGUAGE CODE
Language code of text/sound track or separate title eng
050 04 - LIBRARY OF CONGRESS CALL NUMBER
Classification number 624.08 $2 18
-- 343.4107862 $2 22
100 1# - MAIN ENTRY--PERSONAL NAME
Personal name Eggleston, Brian
245 04 - TITLE STATEMENT
Title The NEC3 Engineering and Construction Contract
Remainder of title a commentary
Medium [electronic resource]
250 ## - EDITION STATEMENT
Edition statement 2nd ed.
260 ## - PUBLICATION, DISTRIBUTION, ETC.
Place of publication, distribution, etc. Oxford
Name of publisher, distributor, etc. Blackwell Science
Date of publication, distribution, etc. 2006
300 ## - PHYSICAL DESCRIPTION
Extent eBook
350 ## - PRICE (NR) (BK AM CF MU VM SE) [OBSOLETE]
Price 65
520 ## - SUMMARY, ETC.
Summary, etc. Provides a detailed commentary on the third edition of the New Engineering Contract (NEC3). Discusses how the contract is intended to operate and outlines each clause to consider its application and legal interpretation. Particular emphasis is given to the revised compensation event procedures in NEC3, the role of the project manager, obligations of the parties, liabilities of the parties, and revised dispute resolution procedures. Table of cases.
520 ## - SUMMARY, ETC.
Summary, etc. Supersedes "The New Engineering Contract: a commentary" (ISBN 0632057424).
590 ## - LOCAL NOTE (RLIN)
Local note IKA190906 NTK
650 24 - SUBJECT ADDED ENTRY--TOPICAL TERM
Topical term or geographic name entry element NEW ENGINEERING CONTRACT (THIRD EDITION)
650 24 - SUBJECT ADDED ENTRY--TOPICAL TERM
Topical term or geographic name entry element EBOOK
651 #4 - SUBJECT ADDED ENTRY--GEOGRAPHIC NAME
Geographic name United Kingdom
Chronological subdivision
690 ## - LOCAL SUBJECT ADDED ENTRY--TOPICAL TERM (OCLC, RLIN)
Topical term or geographic name as entry element BUILT ENVIRONMENT-BUILDING CONTRACT FORMS-STANDARD FORMS OF BUILDING CONTRACT-NEW ENGINEERING CONTRACT CONTRACTS
856 48 - ELECTRONIC LOCATION AND ACCESS
Uniform Resource Identifier <a href="https://www.vlebooks.com/">https://www.vlebooks.com/</a>
Public note View on VLEbooks. Logins for members only from [email protected]
942 ## - ADDED ENTRY ELEMENTS (KOHA)
Suppress in OPAC 0
Holdings
Withdrawn status Lost status Source of classification or shelving scheme Damaged status Not for loan Home library Current library Shelving location Date acquired Cost, normal purchase price Total Checkouts Full call number Date last seen Date last checked out Copy number Cost, replacement price Price effective from Koha item type Barcode
  Missing from bundle Dewey Decimal Classification     London London Books 05/09/2006 65.00 24 624.08 EGG 25/04/2023 19/01/2010 1 65.00 06/08/2019 Book  
    Dewey Decimal Classification     Virtual Virtual Online 10/02/2010 83.03   EBOOK 06/08/2019   1 83.03 06/08/2019 Book 134754-3001